000 00662nam a2200217 i 4500
001 150100
003 ES-MaACL
005 20260525062935.0
007 t|
008 071026s1961 sp ||||1| spa d
080 _a821.134.2-23"19"
100 1 _aValle-Inclán, Ramón del,
_d1866-1936
_9112796
245 1 0 _aRomance de lobos
_b: comedia bárbara dividida en tres jornadas /
_cRamón del Valle-Inclán.
250 _a2ª ed.
260 _aMadrid :
_bEspasa-Calpe,
_c[1961]
300 _a141 p. ;
_c18 cm.
490 1 _aColección Austral ;
_v681
830 0 _aColección austral
_v681
_9177655
852 _aES-MaACL
_jC- 20209
_bR.48514
999 _c150100
_d150100